| 000 | 00766cab a2200217 4500 | ||
|---|---|---|---|
| 001 | ABS53957 | ||
| 008 | 090401t1995 xxu||||| |||| 00| 0 eng d | ||
| 035 | _a(Sirsi) u7645 | ||
| 041 | _aeng | ||
| 100 | _aSheridan, M. | ||
| 245 | _aSite selection smorgasbord: changing work patterns force choices | ||
| 260 | _c1995 | ||
| 350 | _a0 | ||
| 490 |
_aNational Real Estate Investor _v37(11) October 1995, 76-89(8) |
||
| 520 | _aLooks at the reasons behind site selection, with a wide range of criteria including cost of living, crime rates, tax climate, environmental restrictions and workforce supply. Written with a US slant. | ||
| 650 | _aLOCATION | ||
| 650 | _aSITE SELECTION | ||
| 690 | _aPROPERTY-PROPERTY DEVELOPMENT | ||
| 942 | _n0 | ||
| 948 | _c04/03/1997 | ||
| 999 |
_c4646 _d4646 |
||